Biblioteka Instytutu Północnego w Olsztynie

Widok standardowy Widok MARC

Pozycja Personal Name

Liczba rekordów, w których użyto hasła: 1

001 - Numer kontrolny

  • control field: 39648

003 - Identyfikator numeru kontrolnego

  • control field: NUKAT

005 - Data i czas ostatniej modyfikacji

  • control field: 20260408124714.0

008 - Dane kontrolne kodowane (40 znaków)

  • fixed length control field: 050119|||azznnbabn |a aaa |

010 ## - Numer kontrolny Biblioteki Kongresu

  • numer kontrolny LC: p 2004409371

035 ## - Numer systemowy

  • numer systemowy: a11798178

040 ## - Instytucja sporządzająca rekord

  • inst. przygot. dane do rek. khw: WA N
  • język haseł przedmiotowych/tezaurus: DBN
  • inst. wprow. rek. khw: WA N

100 1# - Hasło - nazwa osobowa

  • nazwa osobowa w formie ujednoliconej: Tokarczuk, Ignacy
  • daty biograficzne: (1918-2012)

400 1# - Trop zob. - nazwa osobowa

  • nazwa osobowa (nazwisko, imiona): Tokarczuk, Ignacy Marcin

670 ## - Źródło informacji

  • źródło informacji: EPop.'91

670 ## - Źródło informacji

  • źródło informacji: Duch.'91

670 ## - Źródło informacji

  • źródło informacji: Kazania pasterskie 1966-1992 / Ignacy Tokarczuk. - Przemyśl, 1992

670 ## - Źródło informacji

  • źródło informacji: http://pl.wikipedia.org/wiki/Ignacy_Tokarczuk
Biblioteka Instytutu Północnego, ul. Partyzantów 87, 10-402 Olsztyn, email: biblioteka(at)ip.olsztyn.pl